| 000 | 00440nam a2200157 4500 | ||
|---|---|---|---|
| 005 | 20260213114853.0 | ||
| 008 | 260213b |||||||| |||| 00| 0 eng d | ||
| 041 | _aEnglish | ||
| 082 | _a610 INC SB0084 | ||
| 100 | _aINC | ||
| 245 | _aSyllabus and Regulations Post Basic Diploma in Emergency and Disaster Nursing | ||
| 260 |
_aNew Delhi _bIndian Nursing Council _c2005 |
||
| 300 |
_a31p _bpb |
||
| 365 |
_aRupaye _b100 _cINR |
||
| 942 | _cSB | ||
| 999 |
_c370435 _d370435 |
||